[Event "Europa 2003"]
[Site "Istanbul"]
[Date "2003.05.30"]
[Round "1"]
[White "Pedersen, Nicolai Vesterb"]
[Black "Dautov, Rustem"]
[Result "0-1"]
[WhiteElo "2508"]
[BlackElo "2611"]
[PlyCount "203"]

1. d4 Nf6 2. c4 c6 3. Nc3 d5 4. e3 a6 5. Qc2 g6 6. Bd3 Bg7 7. Nf3 O-O 8. O-O
Bg4 9. Ne5 Be6 10. Qb3 Qc7 11. Bd2 dxc4 12. Bxc4 Bxc4 13. Qxc4 Nbd7 14. Nxd7
Nxd7 15. Rac1 Rac8 16. Ne4 Rfd8 17. Qb3 e6 18. Rc4 Rb8 19. Bb4 Nf6 20. Nxf6+
Bxf6 21. Bc5 b6 22. Bb4 a5 23. Bd2 e5 24. Qc2 Rbc8 25. dxe5 Qxe5 26. Bc3 Qe6
27. Bxf6 Qxf6 28. Rc1 c5 29. h4 Rd5 30. Rf4 Qd6 31. Qb3 Rd8 32. Qc4 Qe6 33. Kh2
Rd2 34. Qb5 R8d6 35. a3 Qe5 36. Rcc4 Rxb2 37. Qa6 Rd8 38. Qb7 Rf8 39. g3 Qxe3
40. Kg2 Qxa3 41. h5 Rb4 42. Rxb4 axb4 43. Qxb6 Qc3 44. Qc6 Qe5 45. Rc4 Qe7 46.
Rxc5 Rb8 47. h6 Qf8 48. Rb5 b3 49. Rxb8 Qxb8 50. Qf6 Qf8 51. Qc3 Qxh6 52. Qxb3
Qg5 53. Qc3 h5 54. Qc8+ Kg7 55. Qc3+ Qf6 56. Qd3 Qe5 57. Qc4 g5 58. Qd3 Qe6 59.
Qd4+ Kg6 60. Qd3+ Qf5 61. Qd6+ Kg7 62. Qd4+ Qf6 63. Qd5 Kh6 64. Qe4 Qe6 65. Qa8
Kg7 66. Qd8 Qe4+ 67. Kg1 f6 68. Qd7+ Kg6 69. Qc8 h4 70. gxh4 gxh4 71. Qg8+ Kh5
72. Qh8+ Kg5 73. Qg7+ Qg6 74. Qc7 Kg4 75. Qc3 Qf5 76. Kg2 Qd5+ 77. f3+ Kg5 78.
Qe3+ Kf5 79. Qh6 Qg8+ 80. Kf2 Qg3+ 81. Ke2 Qg2+ 82. Ke1 Qg5 83. Qf8 Kf4 84.
Qb4+ Kxf3 85. Qb7+ Kg3 86. Qb3+ Kh2 87. Qb2+ Kh3 88. Qb6 Qg3+ 89. Kf1 Qg2+ 90.
Ke1 f5 91. Qf6 Qe4+ 92. Kf1 Qf4+ 93. Ke1 Qe3+ 94. Kf1 Qf3+ 95. Ke1 f4 96. Kd2
Qf2+ 97. Kd1 Kh2 98. Qf5 h3 99. Qe5 Kh1 100. Qh5 h2 101. Qh6 Qg1+ 102. Kd2 0-1

[Event "Europa w 2003"]
[Site "Istanbul"]
[Date "2003.06.02"]
[Round "1"]
[White "Kachiani-Gersinska, Ketino"]
[Black "Fakhiridou, Ekaterini"]
[Result "1-0"]
[WhiteElo "2444"]
[BlackElo "2276"]
[PlyCount "59"]

1. d4 g6 2. c4 Bg7 3. Nc3 d6 4. e4 Nc6 5. d5 Nd4 6. Be3 c5 7. Nge2 Qb6 8. Na4
Qa5+ 9. Bd2 Qd8 10. Bc3 e5 11. dxe6 Nxe6 12. Bxg7 Nxg7 13. Nac3 Nf6 14. Qd2 O-O
15. O-O-O Be6 16. Nf4 Qa5 17. f3 a6 18. Be2 Rad8 19. Kb1 Qc7 20. g4 Qe7 21. h4
Nfe8 22. h5 Nc7 23. Bd3 g5 24. h6 Nge8 25. Nfd5 Bxd5 26. exd5 f6 27. Rde1 Qf7
28. Re2 b5 29. Rhe1 bxc4 30. Bf5 1-0

[Event "Europa w 2003"]
[Site "Istanbul"]
[Date "2003.06.02"]
[Round "1"]
[White "Hlgatian, Goar"]
[Black "Paehtz, Elisabeth"]
[Result "0-1"]
[WhiteElo "2216"]
[BlackElo "2384"]
[PlyCount "76"]

1. e4 c5 2. Nf3 e6 3. d4 cxd4 4. Nxd4 a6 5. Nc3 b5 6. Bd3 Qc7 7. O-O Bb7 8. Qe2
Nc6 9. Nxc6 Qxc6 10. a3 Nf6 11. f4 Bc5+ 12. Kh1 Bd4 13. e5 Bxc3 14. bxc3 Nd5
15. Be4 Qxc3 16. Rb1 Rc8 17. Rb3 Qc4 18. Qf3 g6 19. Bd3 Qc7 20. Qg3 Ne7 21. Bd2
Bd5 22. Rbb1 Nc6 23. Rbe1 Qd8 24. f5 exf5 25. Bg5 Qc7 26. Bf6 Rf8 27. Qh4 h5
28. c4 bxc4 29. Bxc4 Qa5 30. Bxd5 Qxd5 31. Qg5 Rb8 32. Rb1 Rxb1 33. Rxb1 d6 34.
Qc1 Kd7 35. Rb7+ Ke6 36. Bh4 dxe5 37. h3 Rc8 38. Qg5 Qd8 0-1

[Event "Europa w 2003"]
[Site "Istanbul"]
[Date "2003.06.03"]
[Round "2"]
[White "Petrenko, Svetlana"]
[Black "Kachiani-Gersinska, Ketino"]
[Result "1/2-1/2"]
[WhiteElo "2348"]
[BlackElo "2444"]
[PlyCount "40"]

1. e4 c6 2. d4 d5 3. Nc3 dxe4 4. Nxe4 Bf5 5. Ng3 Bg6 6. Nf3 Nd7 7. Bc4 e6 8.
Qe2 Ngf6 9. O-O Qc7 10. Bb3 Bd6 11. Re1 O-O-O 12. c4 Bf4 13. Ne5 Bxc1 14. Raxc1
c5 15. d5 Nxe5 16. Qxe5 Qxe5 17. Rxe5 Nd7 18. Re3 exd5 19. cxd5 Rhe8 20. Bc2
Bxc2 1/2-1/2

[Event "Europa w 2003"]
[Site "Istanbul"]
[Date "2003.06.03"]
[Round "2"]
[White "Paehtz, Elisabeth"]
[Black "Mamedjarova, Turkan"]
[Result "1-0"]
[WhiteElo "2384"]
[BlackElo "2222"]
[PlyCount "121"]

1. e4 e5 2. Nf3 Nf6 3. Nc3 Nc6 4. Bb5 Nd4 5. Ba4 Bc5 6. Nxe5 Qe7 7. Nd3 Nxe4 8.
O-O Nxc3 9. bxc3 Ne6 10. Nxc5 Qxc5 11. Qf3 O-O 12. d4 Qd6 13. Bb5 Rb8 14. Bd3
b5 15. d5 Nc5 16. Bf4 Qb6 17. Qg3 Rb7 18. d6 Ne6 19. Be4 Nxf4 20. Qxf4 Qxd6 21.
Qxd6 cxd6 22. Bxb7 Bxb7 23. Rfd1 d5 24. Rab1 Bc6 25. Kf1 f6 26. Rd4 Re8 27. Re1
Rb8 28. Re3 Rb6 29. Rb4 Ra6 30. Rb2 Kf7 31. Ke2 Ra4 32. Kd3 a5 33. g3 g5 34.
Kd2 h5 35. Rd3 f5 36. Rd4 Ra3 37. h4 g4 38. Rf4 Kf6 39. Rd4 Ke5 40. Rd3 Ra4 41.
Re3+ Kf6 42. Kd3 d6 43. Kd2 f4 44. Rd3 fxg3 45. fxg3 Ke5 46. Rb1 Bd7 47. Re1+
Re4 48. Rd4 a4 49. a3 Bf5 50. Rexe4+ dxe4 51. Rb4 Bd7 52. c4 bxc4 53. Rxc4 d5
54. Rc7 Kd6 55. Ra7 d4 56. Ra5 Be6 57. Rxh5 e3+ 58. Kc1 Bd5 59. Rh8 Kc5 60. h5
Kc4 61. Rd8 1-0

[Event "Europa w 2003"]
[Site "Istanbul"]
[Date "2003.06.04"]
[Round "3"]
[White "Kachiani-Gersinska, Ketino"]
[Black "Voiska, Margarita"]
[Result "1/2-1/2"]
[WhiteElo "2444"]
[BlackElo "2354"]
[PlyCount "76"]

1. d4 d5 2. c4 c6 3. Nf3 Nf6 4. e3 a6 5. Bd3 Bg4 6. Nbd2 e6 7. Qc2 Nbd7 8. b3
c5 9. O-O Rc8 10. Bb2 Be7 11. Rac1 Bh5 12. Rfe1 Bg6 13. Bxg6 hxg6 14. e4 dxe4
15. Nxe4 cxd4 16. Bxd4 O-O 17. Rcd1 Qa5 18. Bc3 Qc7 19. h3 Nxe4 20. Qxe4 Nf6
21. Qe5 Qxe5 22. Nxe5 Rfd8 23. Ba5 Rxd1 24. Rxd1 b5 25. Bb6 Kf8 26. cxb5 axb5
27. a4 Nd5 28. a5 Ke8 29. Bd4 Nb4 30. Nf3 Ra8 31. Bb6 Nd5 32. Nd4 Nxb6 33. axb6
Rb8 34. Nxb5 Rxb6 35. Nc7+ Kf8 36. Ra1 Bd6 37. Ra8+ Ke7 38. Ra7 Bxc7 1/2-1/2

[Event "Europa w 2003"]
[Site "Istanbul"]
[Date "2003.06.04"]
[Round "3"]
[White "Peng, Zhaoqin"]
[Black "Paehtz, Elisabeth"]
[Result "1-0"]
[WhiteElo "2433"]
[BlackElo "2384"]
[PlyCount "67"]

1. d4 d5 2. c4 c6 3. Nc3 Nf6 4. Nf3 a6 5. Ne5 Nbd7 6. Bf4 dxc4 7. Nxc4 b5 8.
Ne5 Bb7 9. e3 e6 10. Be2 c5 11. O-O cxd4 12. exd4 b4 13. Na4 Nd5 14. Bg3 Nxe5
15. Bxe5 Rc8 16. Bf3 Qa5 17. Nc5 Bxc5 18. dxc5 O-O 19. Bd6 Rfe8 20. Qd4 Qb5 21.
Rfe1 Ne7 22. Be2 Qc6 23. Bf1 a5 24. a3 Nf5 25. Qd2 b3 26. Rad1 Qa4 27. Qg5 Red8
28. Be5 Rxd1 29. Rxd1 h6 30. Qh5 Qe4 31. Bc3 Bd5 32. Re1 Qf4 33. g3 Qa4 34. Bd3
1-0

[Event "Europa w 2003"]
[Site "Istanbul"]
[Date "2003.06.05"]
[Round "4"]
[White "Dzagnidze, Nana"]
[Black "Kachiani-Gersinska, Ketino"]
[Result "1/2-1/2"]
[WhiteElo "2376"]
[BlackElo "2444"]
[PlyCount "55"]

1. Nf3 Nf6 2. g3 g6 3. Bg2 Bg7 4. O-O O-O 5. Re1 d6 6. e4 e5 7. d4 Nbd7 8. Nc3
b6 9. a4 a5 10. dxe5 dxe5 11. b3 Bb7 12. Ba3 Re8 13. Qe2 Bf8 14. Bxf8 Kxf8 15.
Qd2 c6 16. Rad1 Qe7 17. Qd6 Kg7 18. Qxe7 Rxe7 19. Nd2 Ba6 20. Bf1 Nc5 21. Bxa6
Nxa6 22. Nc4 Rb8 23. Re2 Ne8 24. Red2 Reb7 25. Rd8 Nb4 26. R1d2 h5 27. h4 Nf6
28. Kf1 1/2-1/2

[Event "Europa w 2003"]
[Site "Istanbul"]
[Date "2003.06.05"]
[Round "4"]
[White "Paehtz, Elisabeth"]
[Black "Muhren, Bianca"]
[Result "1-0"]
[WhiteElo "2384"]
[BlackElo "2092"]
[PlyCount "49"]

1. e4 c5 2. Nf3 e6 3. c4 d6 4. d4 cxd4 5. Nxd4 Nf6 6. Nc3 Be7 7. Be2 O-O 8. O-O
a6 9. Be3 Qc7 10. Qd2 b6 11. f3 Bb7 12. Rfc1 Nbd7 13. a4 Rac8 14. a5 bxa5 15.
Nb3 a4 16. Nxa4 Nc5 17. Na5 Rfd8 18. b4 Nxa4 19. Rxa4 Ba8 20. Nb3 Qb7 21. Bd4
Rb8 22. b5 d5 23. cxd5 exd5 24. exd5 Nd7 25. Na5 1-0

[Event "Europa w 2003"]
[Site "Istanbul"]
[Date "2003.06.06"]
[Round "5"]
[White "Kachiani-Gersinska, Ketino"]
[Black "Shumiakina, Tatiana"]
[Result "1-0"]
[WhiteElo "2444"]
[BlackElo "2373"]
[PlyCount "85"]

1. d4 d5 2. c4 c6 3. Nf3 Nf6 4. e3 Bf5 5. Nc3 e6 6. Nh4 Bg6 7. Nxg6 hxg6 8. g3
Nbd7 9. Qe2 Be7 10. Bg2 dxc4 11. Qxc4 e5 12. O-O exd4 13. Qxd4 Nc5 14. Rd1 Qb6
15. b4 Ne6 16. Qxb6 axb6 17. b5 O-O 18. bxc6 bxc6 19. Bxc6 Rac8 20. Nd5 Bd8 21.
Ba4 Nc5 22. Bb3 Nxb3 23. axb3 Nxd5 24. Rxd5 Bf6 25. Rb1 Rc2 26. Rd2 Rfc8 27.
Rxc2 Rxc2 28. Ba3 g5 29. Rc1 Ra2 30. Bd6 Rd2 31. Rc6 b5 32. b4 Kh7 33. Bc5 Bc3
34. Rb6 Rd5 35. g4 f5 36. gxf5 Rxf5 37. Kf1 Rd5 38. h3 Rd1+ 39. Kg2 Rd2 40. Kf3
Rd5 41. Rb7 Kg6 42. Rxb5 Rf5+ 43. Ke2 1-0

[Event "Europa w 2003"]
[Site "Istanbul"]
[Date "2003.06.06"]
[Round "5"]
[White "Kosintseva, Tatiana"]
[Black "Paehtz, Elisabeth"]
[Result "1-0"]
[WhiteElo "2457"]
[BlackElo "2384"]
[PlyCount "101"]

1. e4 c5 2. c3 d5 3. exd5 Qxd5 4. d4 Nf6 5. Nf3 Bg4 6. dxc5 Qxd1+ 7. Kxd1 e5 8.
b4 e4 9. h3 Bh5 10. g4 Nxg4 11. hxg4 Bxg4 12. Nbd2 exf3 13. Bd3 h5 14. Re1+ Be7
15. Be4 Nc6 16. Kc2 Kf8 17. Nxf3 Re8 18. Bf4 Bf6 19. Bd5 Bf5+ 20. Kb3 Be6 21.
Bxe6 Rxe6 22. Rxe6 fxe6 23. Rd1 Ke7 24. b5 Nb8 25. Bd6+ Kf7 26. Kc4 Rd8 27. a4
g5 28. Re1 Nd7 29. a5 Rc8 30. Kb4 g4 31. Nd2 Bd8 32. Nc4 Bf6 33. Rd1 Kg6 34. c6
bxc6 35. b6 axb6 36. axb6 Nxb6 37. Nxb6 Rd8 38. Nc4 h4 39. Rg1 Kh5 40. Re1 Re8
41. Ne5 h3 42. Nd3 Kg6 43. Bg3 Kf5 44. Kc4 e5 45. Nb4 Re6 46. Nc2 e4 47. Bh2
Bh8 48. Ne3+ Kg5 49. Rg1 Kh5 50. Rxg4 Rf6 51. Rg8 1-0

[Event "Europa w 2003"]
[Site "Istanbul"]
[Date "2003.06.07"]
[Round "6"]
[White "Lomineishvili, Maia"]
[Black "Kachiani-Gersinska, Ketino"]
[Result "1/2-1/2"]
[WhiteElo "2397"]
[BlackElo "2444"]
[PlyCount "24"]

1. d4 d5 2. c4 c6 3. cxd5 cxd5 4. Nc3 Nc6 5. Nf3 Nf6 6. Bf4 a6 7. e3 Bf5 8. Bd3
Bxd3 9. Qxd3 e6 10. O-O Bd6 11. Bxd6 Qxd6 12. a3 O-O 1/2-1/2

[Event "Europa w 2003"]
[Site "Istanbul"]
[Date "2003.06.08"]
[Round "7"]
[White "Kachiani-Gersinska, Ketino"]
[Black "Ionescu-Brandis, Irina"]
[Result "1-0"]
[WhiteElo "2444"]
[BlackElo "2366"]
[PlyCount "71"]

1. d4 d5 2. c4 c6 3. Nf3 Nf6 4. e3 Bf5 5. Nc3 a6 6. Ne5 h6 7. Qb3 Ra7 8. cxd5
cxd5 9. Bd2 e6 10. Rc1 Nbd7 11. Na4 Nxe5 12. dxe5 Nd7 13. Nb6 Nxb6 14. Ba5 f6
15. Bxb6 Qb8 16. exf6 gxf6 17. Be2 Bg6 18. O-O Ra8 19. Rc7 Be7 20. e4 Bxe4 21.
Bh5+ Kf8 22. f3 Bf5 23. Rfc1 Bd6 24. Rf7+ Kg8 25. Bc7 Qa7+ 26. Bb6 Qb8 27. Kh1
Rh7 28. Rxf6 Bf4 29. Re1 Qd6 30. Bg6 Bxg6 31. Rexe6 Qd7 32. Rxg6+ Rg7 33. Bd4
Rc8 34. g3 Rxg6 35. Rxg6+ Kf7 36. Rg7+ 1-0

[Event "Europa w 2003"]
[Site "Istanbul"]
[Date "2003.06.08"]
[Round "7"]
[White "Richards, Heather"]
[Black "Paehtz, Elisabeth"]
[Result "0-1"]
[WhiteElo "2237"]
[BlackElo "2384"]
[PlyCount "100"]

1. e4 c5 2. c3 d5 3. exd5 Qxd5 4. d4 Nf6 5. Be3 Bg4 6. f3 cxd4 7. cxd4 Qe6 8.
Kf2 Nd5 9. Bb5+ Nc6 10. Bd2 Bf5 11. Ne2 Qd7 12. Nbc3 e6 13. Re1 a6 14. Bc4 Nb6
15. Bb3 Nb4 16. Kg1 Nd3 17. Be3 Nxb2 18. Qc1 Ba3 19. Bf2 O-O 20. g4 Bg6 21. h4
Rac8 22. h5 Bd3 23. Qe3 Bxe2 24. Nxe2 N2c4 25. Qd3 Nb2 26. Qe4 Nd5 27. Ng3 Nc4
28. g5 Nd2 29. Qg4 Bb4 30. Re5 Nxb3 31. axb3 Bc3 32. Rb1 Kh8 33. Ne4 f5 34.
gxf6 gxf6 35. Qxe6 Qg7+ 36. Rg5 fxg5 37. h6 Qf7 38. Qe5+ Nf6 39. Nd6 Qg6 40.
Nxc8 Qxb1+ 41. Kg2 Qg6 42. Qc5 Bb4 43. Qxb4 Rxc8 44. Qxb7 Rf8 45. d5 g4 46. f4
Qf7 47. Qxa6 Qxd5+ 48. Kg1 g3 49. Bxg3 Ne4 50. Qa7 Qc5+ 0-1

[Event "Europa w 2003"]
[Site "Istanbul"]
[Date "2003.06.10"]
[Round "8"]
[White "Matnadze, Ana"]
[Black "Kachiani-Gersinska, Ketino"]
[Result "0-1"]
[WhiteElo "2386"]
[BlackElo "2444"]
[PlyCount "148"]

1. d4 Nf6 2. g3 g6 3. Bg2 Bg7 4. Nf3 O-O 5. O-O d6 6. c4 Nc6 7. Nc3 a6 8. d5
Na5 9. Nd2 c5 10. Rb1 Rb8 11. b3 b5 12. Bb2 Bf5 13. e4 Bd7 14. Qc2 e5 15. dxe6
Bxe6 16. cxb5 axb5 17. Rbd1 Nc6 18. Ne2 Re8 19. Nf4 Bg4 20. f3 Bd7 21. Rfe1 Nd4
22. Qb1 d5 23. b4 dxe4 24. bxc5 Nxf3+ 25. Nxf3 exf3 26. Bxf3 Rxe1+ 27. Rxe1 Qc8
28. c6 Bxc6 29. Rc1 Bxf3 30. Rxc8+ Rxc8 31. Qf1 Bc6 32. Nd3 Be4 33. Nf2 Bd5 34.
Qxb5 Bxa2 35. Qa6 Be6 36. Qa1 Bd5 37. Nd3 Ra8 38. Qc1 Be4 39. Nf4 Rb8 40. Qc7
Rxb2 41. Qd8+ Bf8 42. Qxf6 Bc5+ 43. Kf1 Rf2+ 44. Ke1 Rxh2 45. Qd8+ Bf8 46. Qe8
Bf3 47. Kf1 Ra2 48. Qe3 Ra3 49. Qe8 g5 50. Nh3 h6 51. Qe5 Ra8 52. Ng1 Bg7 53.
Qe3 Bh5 54. Nh3 Bg4 55. Nf2 Be6 56. Qe4 Ra2 57. Qd3 Ra8 58. Qe4 Rd8 59. Qb4 Be5
60. Qa5 Rd5 61. Qa8+ Kg7 62. Qa3 Rb5 63. Qe3 Ra5 64. Kg2 Bf6 65. Kf1 Ra1+ 66.
Ke2 Bc4+ 67. Kf3 Bd5+ 68. Kg4 Be6+ 69. Kf3 Bd5+ 70. Kg4 Ra4+ 71. Kh3 Bd4 72.
Qd2 Be6+ 73. g4 Bxf2 74. Qxf2 Ra3+ 0-1

[Event "Europa w 2003"]
[Site "Istanbul"]
[Date "2003.06.10"]
[Round "8"]
[White "Paehtz, Elisabeth"]
[Black "Bojkovic, Natasa"]
[Result "1/2-1/2"]
[WhiteElo "2384"]
[BlackElo "2416"]
[PlyCount "56"]

1. e4 c5 2. Nf3 d6 3. d4 Nf6 4. Nc3 cxd4 5. Nxd4 Nc6 6. Bg5 e6 7. Qd2 Be7 8.
O-O-O O-O 9. f3 a6 10. h4 Nxd4 11. Qxd4 b5 12. Kb1 Rb8 13. g4 b4 14. Ne2 a5 15.
Qd2 a4 16. Nd4 Bd7 17. Be3 b3 18. cxb3 axb3 19. a3 Rc8 20. Bd3 e5 21. Ne2 Be6
22. h5 d5 23. g5 dxe4 24. gxf6 exd3 25. fxe7 Qxe7 26. Nc3 Rfd8 27. h6 g6 28.
Bf2 Rc4 1/2-1/2

[Event "Europa w 2003"]
[Site "Istanbul"]
[Date "2003.06.11"]
[Round "9"]
[White "Kachiani-Gersinska, Ketino"]
[Black "Zimina, Olga"]
[Result "1-0"]
[WhiteElo "2444"]
[BlackElo "2358"]
[PlyCount "99"]

1. d4 d5 2. c4 c6 3. Nf3 Nf6 4. e3 a6 5. Bd3 Bg4 6. Nbd2 e6 7. Qc2 Nbd7 8. b3
Bd6 9. Bb2 Qb8 10. h3 Bh5 11. O-O O-O 12. Ng5 Bg6 13. Bxg6 hxg6 14. e4 Bf4 15.
Ndf3 dxe4 16. Nxe4 Re8 17. Rfe1 a5 18. Rad1 Nxe4 19. Rxe4 Bd6 20. Rde1 Nf6 21.
R4e3 a4 22. Ne5 axb3 23. axb3 Bb4 24. R1e2 Bd6 25. Rf3 Qd8 26. g4 Re7 27. Bc3
Qe8 28. Bd2 Nh7 29. h4 c5 30. dxc5 Ra1+ 31. Kg2 Bxe5 32. Rxe5 Nf6 33. Bc3 Ra8
34. h5 Nxg4 35. Rg5 Nh6 36. hxg6 f6 37. Rh5 e5 38. Qe4 Rd8 39. b4 Rd1 40. Rxh6
gxh6 41. Rxf6 Re6 42. Qxb7 Rd7 43. Rxe6 Qxe6 44. Qb8+ Kg7 45. Qxe5+ Qxe5 46.
Bxe5+ Kxg6 47. c6 Rd8 48. b5 Kf5 49. Bg3 Ke6 50. b6 1-0

[Event "Europa w 2003"]
[Site "Istanbul"]
[Date "2003.06.11"]
[Round "9"]
[White "Javakhishvili, Lela"]
[Black "Paehtz, Elisabeth"]
[Result "1/2-1/2"]
[WhiteElo "2336"]
[BlackElo "2384"]
[PlyCount "42"]

1. d4 Nf6 2. c4 d6 3. Nf3 g6 4. Nc3 Bg7 5. e4 O-O 6. Be2 e5 7. Be3 Nbd7 8. O-O
h6 9. dxe5 dxe5 10. h3 c6 11. b4 Nh5 12. Re1 Nf4 13. Bf1 Qf6 14. Nd2 Rd8 15.
Qc1 Nf8 16. c5 N8e6 17. Nc4 Nd4 18. Bxf4 Qxf4 19. Qxf4 exf4 20. Rac1 Bxh3 21.
e5 Be6 1/2-1/2

[Event "Europa w 2003"]
[Site "Istanbul"]
[Date "2003.06.12"]
[Round "10"]
[White "Cmilyte, Viktorija"]
[Black "Kachiani-Gersinska, Ketino"]
[Result "1-0"]
[WhiteElo "2430"]
[BlackElo "2444"]
[PlyCount "95"]

1. d4 d6 2. e4 Nf6 3. Nc3 g6 4. Nf3 Bg7 5. Be2 O-O 6. O-O c6 7. a4 Qc7 8. Bf4
Nh5 9. Be3 e5 10. Qd2 Nd7 11. Rad1 Re8 12. Rfe1 Nhf6 13. dxe5 dxe5 14. h3 b6
15. Bc4 Bb7 16. Ng5 Re7 17. Qd6 Qxd6 18. Rxd6 h6 19. Nxf7 Rxf7 20. Red1 Bc8 21.
Rxc6 Kf8 22. Bxf7 Kxf7 23. Nb5 Ke7 24. Nd6 Ba6 25. b4 Rb8 26. b5 Bb7 27. Rc7
Bd5 28. exd5 Kxd6 29. Rxa7 Ne4 30. c4 Bf6 31. a5 bxa5 32. Ra6+ Ke7 33. Rxa5 Bg5
34. Bxg5+ hxg5 35. Ra6 Nb6 36. d6+ Kd8 37. Re1 Nc5 38. Ra7 Ncd7 39. c5 Nc8 40.
Rc7 Rxb5 41. c6 Ndb6 42. Rd1 Rd5 43. Rxd5 Nxd5 44. Rg7 Nxd6 45. Rd7+ Kc8 46.
Rxd6 Ne7 47. Re6 Kd8 48. c7+ 1-0